Игры профессионалов: [романы]; [повесть]

Dettagli Bibliografici
Autore principale: Абдуллаев Ч. А. Чингиз Акифович
Riassunto:Опытный российский разведчик «Дронго». бывший сотрудник КГБ (до развала СССР), а ныне агент «ведомства Примакова», получает опаснейшее задание, при выполнении которого он замечает, что его «ведут» несколько разведок — ГРУ, МОССЛД и ЦРУ, добивающиеся каждая своих целей. Убийства, похищения, подслушивания, шантаж, предательство «двойных агентов» — через все это приходится пройти «Дронго», для достижения поставленной цели.
Lingua:russo
Pubblicazione: Москва, Эксмо, 1995
Serie:Черная кошка
Soggetti:
Natura: Libro
KOHA link:https://koha.lib.tpu.ru/cgi-bin/koha/opac-detail.pl?biblionumber=324455

MARC

LEADER 00000nam0a2200000 4500
001 324455
005 20231102003653.0
010 |a 585585177X 
035 |a (RuTPU)RU\TPU\book\350053 
090 |a 324455 
100 |a 20161116d1995 m y0rusy50 ca 
101 0 |a rus 
102 |a RU 
105 |a a z 000ay 
200 1 |a Игры профессионалов  |e [романы]  |e [повесть]  |f Ч. А. Абдуллаев 
210 |a Москва  |c Эксмо  |d 1995 
215 |a 471 с.  |c ил. 
225 1 |a Черная кошка 
330 |a Опытный российский разведчик «Дронго». бывший сотрудник КГБ (до развала СССР), а ныне агент «ведомства Примакова», получает опаснейшее задание, при выполнении которого он замечает, что его «ведут» несколько разведок — ГРУ, МОССЛД и ЦРУ, добивающиеся каждая своих целей. Убийства, похищения, подслушивания, шантаж, предательство «двойных агентов» — через все это приходится пройти «Дронго», для достижения поставленной цели. 
606 1 |a Русская литература современная  |2 stltpush  |3 (RuTPU)RU\TPU\subj\26373  |9 50316 
610 1 |a детективы 
610 1 |a приключения 
610 1 |a романы 
610 1 |a повести 
610 1 |a боевики 
675 |a Р2  |v 4 
700 1 |a Абдуллаев  |b Ч. А.  |g Чингиз Акифович 
801 1 |a RU  |b 63413507  |c 20161116 
801 2 |a RU  |b 63413507  |c 20161128  |g RCR 
942 |c BK